Porovnávanie daňovo-odvodového zaťaženia príjmov v Slovenskej a Českej republike bakalárska práca

Gespeichert in:
Bibliographische Detailangaben
1. Verfasser: Prouskova, Eva
Körperschaft: Národohospodárska fakulta EU. Katedra financií
Weitere Verfasser: Zubaľová, Alena, 1959-
Format: Buch
Sprache:Slowakisch
Veröffentlicht: Bratislava 2014
Tags: Tag hinzufügen
Keine Tags, Fügen Sie das erste Tag hinzu!

MARC

LEADER 00000nbm a2200000 4500
001 0189385
005 20170201085342.0
041 0 |a slo 
044 |a SK 
245 1 0 |a Porovnávanie daňovo-odvodového zaťaženia príjmov v Slovenskej a Českej republike  |b bakalárska práca  |c Eva Prouskova ; školiteľ: Alena Zubaľová 
264 1 |a Bratislava  |c 2014 
300 |a 58 s. 
100 1 |a Prouskova, Eva 
700 1 |a Zubaľová, Alena, 1959- 
710 2 |a Národohospodárska fakulta EU. Katedra financií